| 000 | 00613cam a2200217 a 4500 | ||
|---|---|---|---|
| 001 | 2912955 | ||
| 005 | 20180315054316.0 | ||
| 008 | 900830s1989 iauafg b 001 0 eng | ||
| 010 | _a 88070487 | ||
| 020 | _a0697036448 | ||
| 040 |
_aDLC _cDLC |
||
| 041 | _aeng | ||
| 080 | _a372.87044 NEW | ||
| 082 | 0 | 0 |
_a372.87044 NEW _220 |
| 100 | 1 | _a45 | |
| 101 | _aMUZ | ||
| 245 | 1 | 0 |
_aTeaching children music : _cGrant Newman. |
| 504 | _aIncludes bibliographical references (p. 368-371) and indexes. | ||
| 906 |
_a7 _bcbc _corignew _d2 _eopcn _f19 _gy-gencatlg |
||
| 942 |
_2ddc _cBK |
||
| 999 |
_c45104 _d45104 |
||